000 00454nam a2200157 i 4500
001 90968
003 ES-MaACL
005 20230906180616.0
007 t|
008 050126s1917 fr ||||1| fre d
100 1 _aLeon, Paul.
_971590
245 1 4 _aLes monuments historiques
_b: conservation, restauration /
_cpar Paul Leon.
260 _a[S.l. :
_bs.n.,
_c1917] (
_eMaçon :
_fProtat Frères)
300 _a380 p. ;
_c28 cm.
852 _aES-MaACL
_jF-919
999 _c90968
_d90968